000 01067nam a2200277 a 4500
001 ebr10416281
003 CaPaEBR
006 m u
007 cr cn|||||||||
008 100929s2008 ii a sbs 000 0 eng d
020 _z9789350243541
040 _aCaPaEBR
_cCaPaEBR
035 _a(OCoLC)695991340
050 1 4 _aHF5415.1263
_b.C44 2008eb
100 1 _aCherunilam, Francis.
245 1 0 _aMarketing of industrial goods
_h[electronic resource] /
_cFrancis Cherunilam.
250 _aRev. ed.
260 _aMumbai [India] :
_bHimalaya Pub. House Pvt. Ltd.,
_c2008.
300 _a212 p. :
_bill.
504 _aIncludes bibliographical references.
533 _aElectronic reproduction.
_bPalo Alto, Calif. :
_cebrary,
_d2010.
_nAvailable via World Wide Web.
_nAccess may be limited to ebrary affiliated libraries.
650 0 _aIndustrial marketing.
655 7 _aElectronic books.
_2local
710 2 _aebrary, Inc.
856 4 0 _uhttp://site.ebrary.com/lib/rucke/Doc?id=10416281
_zAn electronic book accessible through the World Wide Web; click to view
999 _c84260
_d84260